00463nam a2200193Ia 4500008004100000020002200041050001500063050001400078100001700092245003100109245001600140260002000156260001200176260000900188300001500197300002600212300001100238500002000249161112s9999 xx 000 0 und d a978-0-600-61514-9 aCUL TX 951 b.G34 2006 aGage, Allan. 0aMargarita martini mojito / 0cAllan Gage. aGreat Britain : bHamlyn, c2006 a96 pages : bcolor illustrations ; c17 cm. aIncludes index.